000 00313nam a2200121 a 4500
001 000046120
005 20201002052642.0
008 150624s1986 000 spa d
040 _aDO-SdBNP
_bspa
_cBNPHU
245 0 _aMujer y sociedad.
260 _a[s.l.], :
_bUNICEF,
_c1986.
300 _a20 p. :
_bil. : ;
_c27 cm.
999 _c45609
_d45609